• 首页
  • 本馆介绍
  • 公告通知
  • 最新文献
  • 馆藏检索
  • 电子资源
  • 读者导购
  • 参考咨询
  • 我的图书馆
  • 登录
  • 详细信息显示
  • 放入我的书架
  • 预约/预借图书
  • 作者相关作品
  • 分类相关作品
  • 丛书相关作品
  • 出版社相关作品

书目信息

  • 表格格式
  • 工作单格式
  • 卡片格式
题名:
三线阵CCD影像卫星摄影测量原理
    
 
作者: 王任享 著
分册:  
出版信息: 北京   测绘出版社  2016.05
页数: 207页
开本: 24cm
丛书名: 测绘院士专著
单 册:
中图分类: P236
科图分类:
主题词: 卫星测量法--摄影测量法
电子资源:
ISBN: 978-7-5030-3932-4
000 01201oam2 2200289 450
001 0120161948563
005 20170418153613.89
010    @a978-7-5030-3932-4@dCNY68.00
100    @a20160803d2016 em y0chiy50 ea
101 0  @achi@eeng
102    @aCN@b110000
105    @aafk z 000yy
106    @ar
200 1  @a三线阵CCD影像卫星摄影测量原理@9san xian zhen CCD ying xiang wei xing she ying ce liang yuan li@dSatellite photogrammetric principle for three-line-array CCD imagery@f王任享著@zeng
205    @a2版
210    @a北京@c测绘出版社@d2016.05
215    @a207页@c图,照片@d24cm
225 2  @a测绘院士专著
330    @a本书比较系统地阐述了三线阵CCD相机卫星摄影测量理论与模拟实验成果。包括三线阵CCD影像的EFP法光束法平差原理及误差特性、三线阵CCD影像无扭曲模型的建立、三线阵+CCD小面阵混合配置的LMCCD相机设计思想及其空中三角测量特点等。
333    @a事卫星摄影测量的工程技术人员
461  0 @12001 @a测绘院士专著
510 1  @aSatellite photogrammetric principle for three-line-array CCD imagery@zeng
606 0  @a卫星测量法@x摄影测量法
690    @aP236@v5
701  0 @a王任享@9wang ren xiang@f(1933-)@4著
801  0 @aCN@b人天书店@c20160803
905    @b987123-26@dP236@e257=2@f4
    
    三线阵CCD影像卫星摄影测量原理=Satellite photogrammetric principle for three-line-array CCD imagery/王任享著.-2版.-北京:测绘出版社,2016.05
    207页:图,照片;24cm.-(测绘院士专著)
    使用对象:事卫星摄影测量的工程技术人员
    
    ISBN 978-7-5030-3932-4:CNY68.00
    本书比较系统地阐述了三线阵CCD相机卫星摄影测量理论与模拟实验成果。包括三线阵CCD影像的EFP法光束法平差原理及误差特性、三线阵CCD影像无扭曲模型的建立、三线阵+CCD小面阵混合配置的LMCCD相机设计思想及其空中三角测量特点等。
●
相关链接 在E读中查询图书 在五车中查询图书 在当当中查询图书 在豆瓣中查询图书


正题名:三线阵CCD影像卫星摄影测量原理     索取号:P236/257=2         预约/预借

序号 登录号 条形码 馆藏地/架位号 状态 备注
1 987123   209871236   第二样本阅览室/ [索取号:P236/257=2] 在馆    
2 987124   209871245   第三借阅区/ [索取号:P236/257=2] 在馆    
3 987125   209871254   第三借阅区/ [索取号:P236/257=2] 在馆    
4 987126   209871263   第三借阅区/ [索取号:P236/257=2] 在馆    
唐山师范学院图书馆 欢迎您!
大连网信软件有限公司© 版权所有